Propuestas del Libro Verde. (Registro nro. 9546)

Detalles MARC
000 -LEADER
fixed length control field 00321 a2200109 4500
001 - CONTROL NUMBER
control field ART_12012
005 - DATE AND TIME OF LATEST TRANSACTION
control field 20260410161559.0
008 - FIXED-LENGTH DATA ELEMENTS--GENERAL INFORMATION
fixed length control field 260409a
100 1# - MAIN ENTRY--PERSONAL NAME
Personal name Casal, Armando Miguel
245 10 - TITLE STATEMENT
Title Propuestas del Libro Verde.
773 0# - HOST ITEM ENTRY
Title Profesional & Empresaria
Related parts - Año XIII, Nº 161 (feb. 2013)
Record control number REV70

No hay ítems disponibles.